Meister Regionalliga Bayern - Statistiken

Allgemein
  • Dieses Quiz wurde 114 mal gespielt
    54 seit der letzten Aktualisierung
  • Das Durchschnittsergebnis liegt bei 11 aus 13
Antwortstatistiken
Saison Meister % Korrekt
2018/19 FC Bayern München II
98%
2013/14 FC Bayern München II
98%
2024/25 1. FC Schweinfurt 05
95%
2020/21 1. FC Schweinfurt 05
95%
2023/24 Würzburger Kickers
90%
2014/15 Würzburger Kickers
90%
2021/22 SpVgg Bayreuth
88%
2022/23 SpVgg Unterhaching
85%
2016/17 SpVgg Unterhaching
85%
2017/18 TSV 1860 München
85%
2012/13 TSV 1860 München II
85%
2015/16 Jahn Regensburg
68%
2019/20 Türkgücü München
46%
Keine übereinstimmenden Quizze gefunden
Verteilung der Resultate
Anzahl Personen mit jedem Resultat
Perzentil nach korrekt beantworteten Fragen
Ihre Resultats-Entwicklung
Sie haben dieses Quiz seit der letzten Aktualisierung nicht gespielt